000 00621nam a2200229Ia 4500
003 OSt
005 20221007064942.0
006 a|||||r|||| 00| 0
007 ta
008 221006b |||||||| |||| 00| 0 eng d
024 _a15,889
037 _cTextual
040 _aFLL
_cFLL
_beng
041 _2eng
_aeng
082 _aX72:Z2:95, K9
100 _aSharma Ramesh C.
245 0 _aPenalties and prosecutions in income-tax
260 _aDelhi
_bPractical Tax Publishers India
_c1969
300 _a180p
_ccm.
942 _hX72:Z2:95, K9
_cTEXL
_2CC
999 _c1135857
_d1135857